000 00813nam a22002777a 4500
003 CHAP
005 20220817042542.0
008 971013s1984 r 00010 d
010 _a47936
011 _a48908
035 _a53056
040 _cCHAP
082 _a338.1
_bF22 1984
110 _aFAO
245 _aTextos fundamentales
260 _aRoma :
_bFAO,
_c1984
300 _a231 p.
590 _aBATCH-UPD
_b10
_c20130110
_lUCH01
_h1352
590 _aCONVERSION
_b10
_c20130109
_lUCH01
_h1326
650 1 4 _aOrganismos internacionales.
_983520
901 _aBK
942 _cLIBRO
949 _a338.1 F22 1984
_bBC
_cFAO
_d-117861
_eFAO1
_h66383
_i53056
_si
949 _a338.1 F22 1984
_bBC
_cFAO
_d-117862
_eFAO2
_fc.2
_h67499
_i53056
_si
949 _a338.1 F22 1984
_bBC
_cFAO
_d-117863
_eFAO2
_fc.3
_h81674
_i53056
_si
999 _c47936
_d47936